Quizzes
Events
Quiz Creation
Community
Videos
Private Events
Remove Ads
Sign In
Join for FREE
Feedback
Dark Mode
Quiz Categories
Sports
Geography
Music
Movies
Television
Just For Fun
Miscellaneous
History
Literature
Language
Science
Gaming
Entertainment
Religion
Holiday
For Kids
Quiz Lab
Recent
Popular Today
Quiz Kudos Today
Editor Picks
Curator Picks
Quizzes by...
Day
Popularity
Type
Ratings
Length
Year
Community
Subscriptions
Recent Discussions
Orange Saloon
Badges
Playlists
Quests
Create
Leaderboards
Showdown
Live 5
Trivia Bingo
Activity
Puzzle Library
Sporcle Events
Private Events
Virtual Trivia
Globe League
Become a Host
Pub Owners
SporcleCon
Opinionation
Our Games
Videos
Blog
Mobile Apps
Partnerships
Remove Ads and Go Orange
Feedback
Science
Computer
Plants
Astronomy
Chemistry
Elements
Math
Animal
Physics
Anatomy
Biology
Geology
General Science
Science
Computer
Plants
Astronomy
Chemistry
Elements
Math
Animal
Physics
Anatomy
Biology
Geology
General Science
Random Quiz
Search Sporcle
×
Quiz Lab
Quiz Lab
Science
Polyatomic
Type in answers that appear in a list
Type in answers that appear in a list
Classic
Best Score? Go Orange.
Polyatomic Ion Nomenclature Stats
Can you name the Polyatomic Ion Nomenclature?
By
AI_Andrew
10m
34 Questions
527 Plays
527 Plays
527 Plays
Comments
Comments
Give Quiz Kudos
Give Quiz Kudos
-
- Ratings
hide this ad
More Info
Forced Order
Answers have to be entered in order
Answers have to be entered in order
Random Order
Randomize order of answers
Randomize order of answers
Replay
Link that replays current quiz
Next Quiz
Link to next quiz in quiz playlist
You Got
0%
They Got
Avg Score
66%
Avg Friend Score
Upgrade to see
Score Distribution
Jump to the score distribution portion of the page
Score
0/34
Timer
10:00
0
Plays Today
Ion
% Correct
OH(-
)
hydroxide
79.9%
NO3(-
)
nitrate
79.7%
SO3(2-
)
sulfite
78.4%
ClO3(-
)
chlorate
78%
PO4(3-
)
phosphate
78%
NH4(+)
ammonium
76.9%
CO3(2-
)
carbonate
76.5%
ClO2(-
)
chlorite
75.9%
SO4(2-
)
sulfate
75.9%
ClO4(-
)
perchlorate
75.7%
CN(-
)
cyanide
75.7%
NO2(-
)
nitrite
75%
BrO3(-
)
bromate
71.5%
ClO(-
)
hypochlorite
70.6%
IO3(-
)
iodate
69.1%
HCO3(-
)
hydrogen carbonate
68.5%
MnO4(-
)
permanganate
68.3%
Ion
% Correct
BrO2(-
)
bromite
68.1%
IO2(-
)
iodite
66.6%
HSO4(-
)
hydrogen sulfate
65.5%
BrO4(-
)
perbromate
64.7%
IO4(-
)
periodate
64.1%
BrO(-
)
hypobromite
63.9%
CH3COO(-
)
acetate
63.2%
Cr2O7(2-
)
dichromate
61.3%
IO(-
)
hypoiodite
60.9%
H2PO4(-
)
dihydrogen phosphate
58.3%
FO2(-
)
fluorite
55.6%
FO3(-
)
fluorate
54.8%
FO4(-
)
perfluorate
54.3%
FO(-
)
hypofluorite
53.1%
C2O4(2-
)
oxalate
47.6%
S2O3(2-
)
thiosulfate
39.3%
HPO4(2-
)
monohydrogen phosphate
37.4%
Quiz Playlist
Details
Report
Send in Message
Add To Playlist
More Info:
Enter the full name of the polyatomic ion.
Classic:
Type in answers that appear in a list
Forced Order:
Answers have to be entered in order
Random Order:
Randomize order of answers
Last Updated: Feb 16, 2017
Quiz Scoreboard
CHALLENGE
Sign Up to Join the Scoreboard
Show All
Scores
Hide
Comments
May contain spoilers
Recently Published
Presidents Visiting Landmarks
by Hejman
History
7m
An Introduction to Baseball
by treessimontrees
Sports
5m
Movies - When Are They Set?
by FPL_Elf
Movies
5m
More to Explore
Quiz From the Vault
Featured Blog Post
Where Did the Easter Bunny Come From?
hide this ad
You Might Also Like...
Tags
ion
nomenclature
Polyatomic
Today's Top Quizzes in Science
Browse Science
hide this ad
Today's Top Quizzes in Polyatomic
Browse Polyatomic
Top Contributed Quizzes in Science
1
Quick Pick: Radians
2
Name the Acid, Base or Salt
3
Quick Pick: 'CI-CJ' Animals
4
Elements In Images
5
One Thing in Common: Science
6
One Thing in Common: Animals
7
One Thing in Common: Science III
8
1 to 50
9
One Thing in Common: Science II
10
Order Up: Organs and Body Systems
Explore More
Trending Topics
Kpop
Anime
Harry Potter
NBA
Marvel
Disney
Crossword
Pokémon
Song
Puzzle
Country
The Office
WWE
NFL
Soccer
hide this ad
More By:
AI_Andrew
Quiz
Plays
Rating
Category
Featured
Created
Polyatomic Ion Nomenclature
527
Science
Feb 20, 2011
Polyatomic Ion Nomenclature 2
223
Science
Feb 20, 2011
Go to Creator's Profile
Score Distribution
Quiz Creator Spotlight
AI_Andrew
Follow
Send a Message
Quizzes Created
-
Created Quiz Play Count
-
More By This Creator
Popular Quizzes Today
1
Find the US States - No Outlines Minefield
2
Find the Countries of Europe - No Outlines Minefield
3
The Countries of the World
4
Find the US States
5
Popular People in 1961
6
US States
7
Risky Map Clicking: Biggest States A-Z
8
Movies - When Are They Set?
More Science Quizzes
Bonus Round Blitz! - Elements
Quiz Lab
Trending Quizzes
Risky Map Clicking: Least Populous States A-Z
1-10 Letter G Words
1-10 Letter F Words
Risky Map Clicking: Next State Alphabetically
Risky Map Clicking: Biggest States A-Z
Recently Updated
Leaping Animals
pecheneg
Reality TV Shows (A-Z)
bhenderson79
Rickey Henderson's Hall of Fame Teammates
pecheneg
Champions League XIs: Arsenal
pecheneg
Quick Pick: Celebrities in WWE's Hall of Fame
aduchscher
A-Z Keypad Blitz II
pecheneg
Multiple Oscar Actors
pecheneg
Mystery Phrase Blitz: Oscar 'Best Actors'
pecheneg
F. Scott Fitzgerald Novels
LTH
Pick 3 Villains
ddd62291
Trending Topics
Crossword
Harry Potter
NBA
Kpop
Anime
Disney
Marvel
Soccer
The Office
Country
NFL
Pokémon
Song
Puzzle
WWE
Your Account Isn't Verified!
In order to create a playlist on Sporcle, you need to verify the email address you used during registration. Go to your
Sporcle Settings
to finish the process.
Report this User
Report this user for behavior that violates our
Community Guidelines
.
Details:
Send Report
Go to the Sporcle.com Mobile Site →
Comments